00882nam a2200289 a 450000100060000000300090000600500170001500700030003200800410003502000150007604000280009108200180011908400130013710000370015024500690018725000180025630000110027433600270028533700330031233800280034549000110037359000490038465000590043365000710049294200120056399900170057557634CO-ViMGA20250717145841.0ta141112s2004 ck r 000 u spa d a9583008273 aCO-ViMGAbspacCO-ViMGA04a370.155 C178c aRES005411 aCarvajal Corzo, Guillermo92333810aCartas a Andres : bCómo formar un demócrata sin corromperlo a1a. edición a680.p. 2rdacontentatextobtxt 2rdamediaasin mediaciónbn 2rdacarrieravolumenbnc aEnsayo aForma de adquisición : Premio - Mincultura14aeducación - ENSAYOS - CONFERENCIAS, ETC2LEMB92333914aeducación PSICOMOTRIZ - ENSAYOS - CONFERENCIAS, ETC2LEMB923340 2ddccBK c57634d57634